| 000 | 00501nam a2200193Ia 4500 | ||
|---|---|---|---|
| 008 | 131103s9999 xx 000 0 und d | ||
| 040 | _aLoreto College | ||
| 041 | _aEnglish | ||
| 082 |
_a808.1/REE _bLCLIB/16158,16159 |
||
| 100 | _aReeves,James | ||
| 245 |
_aUnderstanding poetry _cJames Reeves |
||
| 260 |
_aLondon _bPan Books _c1967 |
||
| 300 |
_a207 p. _c 18 cm. |
||
| 504 | _a1st pub. 1965 | ||
| 650 | _aRhetoric - poetry | ||
| 651 | _aLiterature | ||
| 850 | _aLCLIB/808.1/REE | ||
| 942 | _cBK | ||
| 999 |
_c726 _d51205 |
||